Globálna chudoba a jej príčiny diplomová práca

Gespeichert in:
Bibliographische Detailangaben
1. Verfasser: Girmanová, Andrea
Körperschaft: Ekonomická univerzita v Bratislave. Fakulta medzinárodných vzťahov
Weitere Verfasser: Liďák, Ján
Format: Buch
Sprache:Slowakisch
Veröffentlicht: Bratislava 2010
Tags: Tag hinzufügen
Keine Tags, Fügen Sie das erste Tag hinzu!

MARC

LEADER 00000nam a2200000 4500
001 0121418
005 20240318122203.8
041 0 |a slo 
044 |a SK 
245 1 0 |a Globálna chudoba a jej príčiny  |b diplomová práca  |c Andrea Girmanová ; škol. Ján Liďák 
264 1 |a Bratislava  |c 2010 
300 |a 108 s. 
100 1 |a Girmanová, Andrea 
700 1 |a Liďák, Ján 
710 2 |a Ekonomická univerzita v Bratislave. Fakulta medzinárodných vzťahov